Los derechos sociales fundamentales de los trabajadores inmigrantes

Saved in:
書目詳細資料
主要作者: Triguero Martínez, Miguel Angel (Author)
格式: 圖書
語言:西班牙语
出版: Granada Comares 2012
叢編:Colección Trabajo y Seguridad Social, 66
主題:
標簽: 添加標簽
沒有標簽, 成為第一個標記此記錄!

MARC

LEADER 00000cam a2200000 a 4500
001 UCF8175
003 CL-VaPUC
008 130802e20120000sp |||||||||||||||||spa|d
020 |a 9788498369823 
082 0 4 |a 355.46  |b TRI  |2 21 
100 0 |a Triguero Martínez, Miguel Angel  |e author  |9 570258 
245 1 4 |a Los derechos sociales fundamentales de los trabajadores inmigrantes 
300 |a 426 p 
942 |c BK 
945 |d 20130802 12:08:00  |a dcastane 
260 |a Granada  |b Comares  |c 2012 
650 7 |a DERECHO SOCIAL  |2 CL-VaPUC  |9 256772 
650 0 |a Inmigrantes  |9 317882 
650 0 |a Derechos humanos  |9 223025 
650 0 |a Derecho público   |9 255910 
583 |a last modification  |c 20130802 12:08:00  |k Rodrigo Vera 
490 0 |a Colección Trabajo y Seguridad Social, 66 
999 |c 352810  |d 352808 
952 |0 0  |1 0  |4 0  |6 355_460000000000000_TRI_2012  |7 0  |8 A  |9 457484  |a BIBDER  |b BIBDER  |d 2019-11-22  |i 4994302  |l 1  |o 355.46 TRI 2012  |p 4994302  |r 2023-01-25  |s 2022-07-28  |w 2019-11-22  |y BK  |k DER